Wörter im Namen der Länder 3# - Statistiken

Allgemein
  • Dieses Quiz wurde 634 mal gespielt
    563 seit der letzten Aktualisierung
  • Das Durchschnittsergebnis liegt bei 8 aus 22
Antwortstatistiken
Wort Land % Korrekt
Alge Algerien
78%
Egal Senegal
74%
Tun Tunesien
74%
Orgie Georgien
59%
Bein Elfenbeinküste
51%
Staat Vereinigte Staaten
51%
Insel Marshallinseln
49%
Lumb Kolumbien
37%
Erz Bosnien und Herzegowina
34%
Elle Seychellen
34%
Hell Seychellen
34%
Weg Norwegen
32%
Rune Brunei
26%
Lau Palau
26%
Zentral Zentral­afrikanische Republik
25%
Der Niederlande
23%
Wen Slowenien
21%
Gas Madagaskar
19%
Hut Bhutan
18%
Echt Liechtenstein
18%
Bad Barbados
11%
Du Honduras
5%
Keine übereinstimmenden Quizze gefunden
Verteilung der Resultate
Anzahl Personen mit jedem Resultat
Perzentil nach korrekt beantworteten Fragen
Ihre Resultats-Entwicklung
Sie haben dieses Quiz seit der letzten Aktualisierung nicht gespielt